Online
Catalog

El futuro de la arquitectura / (Record no. 18804)

MARC details
000 -CABECERA
campo de control de longitud fija 00955nam a2200277 a 4500
001 - NÚMERO DE CONTROL
campo de control 000019286
005 - FECHA Y HORA DE LA ÚLTIMA TRANSACCIÓN
campo de control 20240523183947.0
008 - DATOS DE LONGITUD FIJA--INFORMACIÓN GENERAL
campo de control de longitud fija 100531s1978 sp 000 0 spa d
020 ## - NÚMERO INTERNACIONAL ESTÁNDAR DEL LIBRO
Número Internacional Estándar del Libro 8485083083
040 ## - FUENTE DE LA CATALOGACIÓN
Centro catalogador/agencia de origen DO-SdBNP
Lengua de catalogación spa
Centro/agencia transcriptor BNPHU
041 17 - CÓDIGO DE LENGUA
Código de lengua del texto/banda sonora o título independiente spa
Código de lengua original eng
Fuente del código Código de idioma MARC
082 ## - NÚMERO DE LA CLASIFICACIÓN DECIMAL DEWEY
Número de clasificación 720
Número de documento/Ítem L775f, 1978
049 ## - FONDOS LOCALES (OCLC)
Fondos de biblioteca BNGR
100 1# - ENTRADA PRINCIPAL--NOMBRE DE PERSONA
Nombre de persona Lloyd Wright, Frank,
Fechas asociadas al nombre 1867-1959
9 (RLIN) 41482
240 14 - TÍTULO UNIFORME
Título uniforme The future of architecture.
Lenguaje de la obra Español.
245 13 - MENCIÓN DE TÍTULO
Título El futuro de la arquitectura /
Mención de responsabilidad, etc. Frank Lloyd Wright ; traducción de Eduardo Goligorsky.
250 ## - MENCIÓN DE EDICIÓN
Mención de edición 2a ed.
260 ## - PUBLICACIÓN, DISTRIBUCIÓN, ETC.
Lugar de publicación, distribución, etc. Barcelona :
Nombre del editor, distribuidor, etc. Poseidón,
Fecha de publicación, distribución, etc. 1978.
300 ## - DESCRIPCIÓN FÍSICA
Extensión 280 p. :
Otras características físicas il. ;
Dimensiones 22 cm.
534 ## - NOTA SOBRE LA VERSIÓN ORIGINAL
Frase introductoria Título original en inglés:
Mención de título del original The future of architectura.
Publicación, distribución, etc. del original Nueva York : Horizon, 1953.
500 ## - NOTA GENERAL
Nota general Incluye índice.
650 #0 - PUNTO DE ACCESO ADICIONAL DE MATERIA--TÉRMINO DE MATERIA
Término de materia o nombre geográfico como elemento de entrada Arquitectura
9 (RLIN) 1823
650 #4 - PUNTO DE ACCESO ADICIONAL DE MATERIA--TÉRMINO DE MATERIA
Término de materia o nombre geográfico como elemento de entrada Arquitectura orgánica
9 (RLIN) 41483
700 1# - PUNTO DE ACCESO ADICIONAL--NOMBRE DE PERSONA
Nombre de persona Goligorsky, Eduardo,
Término indicativo de función/relación tr.
9 (RLIN) 10661
910 ## - DATOS DE OPCIÓN DEL USUARIO (OCLC)
Datos de opción del usuario Catalogación original
Holdings
Estado de retiro Estado de pérdida Restricciones de uso No para préstamo Código de colección Localización permanente Ubicación/localización actual Ubicación en estantería Fecha de adquisición Número de inventario Total de préstamos Signatura topográfica completa Código de barras Fecha visto por última vez Precio válido a partir de Tipo de ítem Koha
        Monografías: Libros y Folletos General General En catalogación 31.05.2010 LF1   720 L775f, 1978 19286-10 25.06.2020 25.06.2020 Préstamo en sala

Powered by Koha